Principios de economía moderna /

Guardado en:
Autor Principal: García Apolinar, Edgardo
Formato: Libro
Publicado: Buenos Aires : Troquel, 1981
Edición:9a. ed.
Materias:
Etiquetas: Agregar Etiqueta
Sin Etiquetas, Sea el primero en etiquetar este registro!
LEADER 01011nam a22002775a 4500
001 CEM.cems002701
005 20060217000000.0
008 130507s1981##################000#0#####d
003 CEMS
082 0 4 |a 330 
100 1 |a García Apolinar, Edgardo 
245 1 0 |a Principios de economía moderna /  |c Edgardo García Apolinar 
250 |a 9a. ed. 
260 |a Buenos Aires :  |b Troquel,  |c 1981 
300 |a 286 p. 
505 0 |a Mercado internacional: Formación, Mecanismo, Producción 
653 |a Economia politica 
653 |a Economia-doctrinas 
653 |a Economia-enseñanza secundaria 
653 |a Economia-estado 
653 |a Macroeconomia 
859 |a CEMS  |b BIB. CEMS - 11 de abril  |h 330  |i G165a9  |p 11283.82  |t Ej.1 
859 |a CEMS  |b BIB. CEMS - 11 de abril  |h 330  |i G165a9  |p 11284.82  |t Ej.2 
859 |a CEMS  |b BIB. CEMS - 11 de abril  |h 330  |i G165a9  |p 11285.82  |t Ej.3 
859 |a CEMS  |b BIB. CEMS - 11 de abril  |h 330  |i G165a9  |p 11286.82  |t Ej.4 
859 |a CEMS  |b BIB. CEMS - 11 de abril  |h 330  |i G165a9  |p 11287.82  |t Ej.5